00414cam a2200157ua 45000010005000000080039000050400009000440820012000531000027000652450053000922500009001452600039001543000017001936530018002106530028002283935111209n ii |||gr||||Z||||||asm cMAIN a891.4581 aHazarika, Karabi Deka,11aAsamiya kabi aru kabitacby Karabi Deka Hazarika a1st. aDibrugarh:bStudents emporium,994. a187p:c23cm. aAssamese poem aAsamiya kabi aru kabita